Statistics for Квиз о Русији

Click here to take the quiz!

General Stats

  • This quiz has been taken 614 times
  • The average score is 17 of 30

Answer Stats

ОписОдговор% Correct
Главни градМосква
100%
Тренутни председникВладимир Путин
96%
Планински ланци који раздвајају Европу и АзијуУралске планине
82%
Чекић
79%
„Грозни” царИван IV
75%
Он није успео да освоји Русију 1812.Наполеон
74%
Комунистичко име тог градаЛењинград
73%
Срп
72%
Аутор „Рата и мира”Лав Толстој
71%
Најдужа река у европској РусијиВолга
70%
Море на које излази СочиЦрно море
64%
Главни град пре 1918.Санкт Петербург
64%
Пространи источни регион РусијеСибир
64%
Предмети на совјетској заставиЗвезда
61%
Совјетска обавештајна службаКГБ
61%
Битка сматрана за „прекретницу” у Другом светском ратуБитка за Стаљинград
60%
Прва особа која је орбитирала око ЗемљеЈуриј Гагарин
60%
Најпознатије руско ватрено оружјеАК-47
59%
Кавкаске планине
55%
Први сателит у орбити око ЗемљеСпутњик
52%
Званична резиденција председникаМосковски кремљ
48%
„Велики” царевиПетар
47%
Совјетски радни логорГулаг
47%
Највећи руски град на Тихом океануВладивосток
45%
Божићни балет ЧајковскогКрцко Орашчић
41%
Најпознатије балетско позориштеБољшој театар
33%
Катарина II
29%
Метални котао за прављење чајаСамовар
22%
Највиша планинаЕлбрус
21%
Риба која се користи за традиционални кавијарЈесетра
15%

Score Distribution

Percentile by Number Answered

Percent of People with Each Score

Your Score History

You have not taken this quiz